Une année, un film - Statistiques

Statistiques générales
  • Ce quiz a été pris 14 fois
  • Le résultat moyen est 6 sur 25
Statistiques - réponses
Question Réponse % Correct
Quel film est sorti en 2003 ? Le Monde de Nemo
67%
Quel film est sorti en 2007 ? L'Illusioniste
67%
Quel film est sorti en 2008 ? Wall-E
67%
Quel film est sorti en 2021 ? Dune
33%
Quel film est sorti en 2013 ? Gravity
33%
Quel film est sorti en 2014 ? Interstellar
33%
Quel film est sorti en 2019 ? Joker
33%
Quel film est sorti en 2009 ? Là-haut
33%
Quel film est sorti en 2018 ? Le Grand Jeu
33%
Quel film est sorti en 2006 ? Le Labyrinthe de Pan
33%
Quel film est sorti en 2010 ? Monsters
33%
Quel film est sorti en 2012 ? Prometheus
33%
Quel film est sorti en 2000 ? Seul au monde
33%
Quel film est sorti en 2011 ? The Artist
33%
Quel film est sorti en 2005 ? Tu marcheras sur l'eau
33%
Quel film est sorti en 2024 ? Civil War
0%
Quel film est sorti en 2002 ? Laissez-passer
0%
Quel film est sorti en 2015 ? L'Enquête
0%
Quel film est sorti en 2016 ? Premier Contact
0%
Quel film est sorti en 2017 ? Realive
0%
Quel film est sorti en 2001 ? Samia
0%
Quel film est sorti en 2022 ? Scream
0%
Quel film est sorti en 2020 ? Tenet
0%
Quel film est sorti en 2004 ? The Fog of War
0%
Quel film est sorti en 2023 ? Vaincre ou mourir
0%
Aucun quiz correspondant
Distribution des résultats
% des personnes avec chaque résultat
Percentile par nombre de réponses
Votre historique - résultats
Vous n’avez pas pris ce quiz